Sports Quiz

Random Sports or Golf Quiz

British Open Venues Quiz Stats

 Plays Quiz Updated Jul 17, 2016

Score 0/14 Timer 03:00
1 Play Today
# hosted Course % Correct
29St. Andrews Links
97.4%
8Carnoustie Golf Links
67.4%
9Royal Troon Golf Club
57.2%
4The Westin Turnberry Resort
50%
10Royal Birkdale Golf Club
44%
14Royal St George's Golf Club
42.4%
16Muirfield
41.3%
# hosted Course % Correct
12Royal Liverpool Golf Club
39.4%
11Royal Lytham & St Annes Golf Club
36.2%
24Prestwick Golf Club
26.4%
2Royal Portrush Golf Club
21.2%
6Musselburgh Links
8.1%
1Prince's Golf Club
7.2%
2Royal Cinque Ports Golf Club
6.9%

You're not logged in!

Compare scores with friends on all Sporcle quizzes.
OR
Log In

Sporcle TV

Today on Sporcle TV


Watch our educational content, quiz creation guides, and fun videos on Sporcle TV.

Show Comments

Extras

Top Quizzes Today


Score Distribution

Your Account Isn't Verified!

In order to create a playlist on Sporcle, you need to verify the email address you used during registration. Go to your Sporcle Settings to finish the process.

Report this User

Report this user for behavior that violates our Community Guidelines.

Details: